00253nam a2200109Ia 4500008004100000041000800041100003000049245001600079260001200095650001500107999002100122240109s9999 xx 000 0 und d aeng aKoontz O Donnel Weihrich. aManagement. bM.G.H.  aManagement c1020211d1020211